VPLYV POHYBOVÝCH AKTIVÍT NA FORMOVANIE A PRIEBEH MENŠTRUAČNÉHO CYKLU VYSOKOŠKOLÁČOK

Bibliographic Details
Main Author: Jančoková, Ľudmila, 1953- (Author)
Format: Article
Language:Slovak
ISBN:8022315540

MARC

LEADER 00000naa a2200000uu 4500
001 vtls011049163
003 SK-MaSNL
005 20260302144211.0
008 210909|2000 xo |||||||||||||||||slo|
015 |a SNBRA 
035 |a (urnnbn)urn:nbn:sk:snk:ar-0096iv 
035 |a (uuid)013a4ae9-4edb-45f1-84e9-bfd8f1299d01 
035 |a urn:nbn:sk:snk-aav01d 
040 |a SNKBUCL  |b slo  |c SNKBUCL  |e AACR2 
041 0 |a slo 
044 |a xo  |c SK 
100 1 |a Jančoková, Ľudmila,  |d 1953-  |4 aut  |9 258424 
245 1 0 |a VPLYV POHYBOVÝCH AKTIVÍT NA FORMOVANIE A PRIEBEH MENŠTRUAČNÉHO CYKLU VYSOKOŠKOLÁČOK  |c ĽUDMILA JANČOKOVÁ 
773 0 |t Vývojové tendencie v telesnej výchove a športe na vysokých školách  |d Bratislava : Univerzita Komenského, 2000  |g S. 25-31  |z 8022315540 
958 |a OND 
958 |a article12 
958 |a chapter 
999 |c 1347921  |d 1349851